[Event "Thessaloniki CupT final"]
[Site "Thessaloniki"]
[Date "2019.05.12"]
[Round "2.2"]
[White "Vragoteris, Antonios"]
[Black "Pancevski, Filip"]
[Result "0-1"]
[WhiteElo "2164"]
[BlackElo "2500"]
[PlyCount "46"]
[EventDate "2019.05.11"]
[EventType "team-k.o."]
[EventRounds "2"]
[EventCountry "GRE"]
[SourceTitle "CBM 190 Extra"]
[Source "ChessBase"]
[SourceDate "2019.07.15"]
[SourceVersion "1"]
[SourceVersionDate "2019.07.15"]
[SourceQuality "1"]
[WhiteTeam "Triandrias"]
[BlackTeam "Thessaloniki Galaxias"]
[WhiteTeamCountry "GRE"]
[BlackTeamCountry "GRE"]

1. Nf3 f5 2. d3 Nc6 3. e4 e5 4. Nc3 Nf6 5. exf5 Bb4 6. Bg5 h6 7. Bd2 d5 8. Nh4 0-0 9. g3 Nd4 10. Bh3 g5 11. Ng6 Re8 12. g4 e4 13. Kf1 b6 14. Nb5 Bxd2 15. Nxd4 e3 16. Ne2 d4 17. Bg2 Nxg4 18. Ng3 Bxf5 19. Qf3 Bxg6 20. Qxg4 Rf8 21. Qe6+ Kh7 22. Ne4 Qe8 23. Qg4 Bh5 0-1

[Event "Thessaloniki-Chalkidiki CupT"]
[Site "Thessaloniki"]
[Date "2019.04.13"]
[Round "3.4"]
[White "Mar, Karmen"]
[Black "Vragoteris, Antonios"]
[Result "0-1"]
[WhiteElo "2031"]
[BlackElo "2052"]
[PlyCount "98"]
[EventDate "2019.02.09"]
[EventType "team-swiss"]
[EventRounds "5"]
[EventCountry "GRE"]
[SourceTitle "EXT 2021"]
[Source "ChessBase"]
[SourceDate "2020.10.23"]
[SourceVersion "1"]
[SourceVersionDate "2020.10.23"]
[SourceQuality "1"]

1. e4 c5 2. Nf3 Nc6 3. Bb5 g6 4. 0-0 Bg7 5. Re1 Nf6 6. e5 Nd5 7. Nc3 Nc7 8. Bxc6 dxc6 9. Ne4 Ne6 10. d3 0-0 11. Be3 b6 12. Qd2 Nd4 13. Nxd4 cxd4 14. Bh6 c5 15. Qf4 Bb7 16. h4 Qd5 17. Bxg7 Kxg7 18. f3 h6 19. Nf2 Qe6 20. Ng4 Rh8 21. Re2 Rad8 22. b3 b5 23. a4 a6 24. axb5 axb5 25. Ra7 Qb6 26. e6 f6 27. Ra1 h5 28. Nf2 Rd5 29. Nh3 Rhd8 30. Qg3 Rf5 31. Nf4 g5 32. Nxh5+ Kg6 33. Qh3 Rh8 34. Ng3 Rf4 35. h5+ Kh7 36. h6 Qc7 37. Qh5 Rf8 38. Qh3 f5 39. Qh5 g4 40. Qg5 Rg8 41. Qh5 Rg6 42. Nxf5 gxf3 43. Rf2 Qe5 44. Ng3 Rg5 45. Qe8 Rxg3 46. Qxe7+ Kxh6 47. Qxb7 Qg5 48. Kf1 Rxg2 49. Rxf3 Rg1+ 0-1

[Event "GRE-chT 45th"]
[Site "Achaia"]
[Date "2017.07.06"]
[Round "5.11"]
[White "Hristodoulou, Panagiotis"]
[Black "Vragoteris, Antonios"]
[Result "1-0"]
[WhiteElo "2252"]
[BlackElo "2206"]
[PlyCount "103"]
[EventDate "2017.07.03"]
[EventType "team-swiss"]
[EventRounds "7"]
[EventCountry "GRE"]
[SourceTitle "CBM 179 Extra"]
[Source "ChessBase"]
[SourceDate "2017.08.23"]
[SourceVersion "1"]
[SourceVersionDate "2017.08.23"]
[SourceQuality "1"]
[WhiteTeam "OFI"]
[BlackTeam "Triandrias PG"]
[WhiteTeamCountry "GRE"]
[BlackTeamCountry "GRE"]

1. e4 c5 2. Nf3 Nc6 3. d4 cxd4 4. Nxd4 g6 5. c4 Bg7 6. Nc2 e6 7. Be2 Nge7 8. 0-0 d5 9. exd5 exd5 10. cxd5 Nxd5 11. Bf3 Be6 12. Nd2 h6 13. Nb3 Ne5 14. Ncd4 0-0 15. Nxe6 fxe6 16. Be4 Qh4 17. Bxd5 exd5 18. f4 Ng4 19. Qxd5+ Kh8 20. h3 Rad8 21. Qe4 Rfe8 22. Qxg6 Rg8 23. Qe4 Ne5 24. Be3 Nd3 25. Rad1 Nxb2 26. Rxd8 Qxd8 27. Nd4 Nc4 28. Ne6 Nd2 29. Nxd8 Nxe4 30. Nxb7 Rc8 31. Rc1 Nc3 32. Rc2 Rb8 33. Nd6 Rb1+ 34. Kh2 a5 35. Nf5 Bf6 36. Nxh6 Nd5 37. Bd2 Bd4 38. Nf5 Bg1+ 39. Kg3 a4 40. Kg4 a3 41. Bc1 Rb4 42. Bxa3 Rxf4+ 43. Kg5 Rxf5+ 44. Kxf5 Ne3+ 45. Ke4 Nxc2 46. Bb2+ Kh7 47. a4 Bb6 48. Bc3 Kg6 49. a5 Ba7 50. a6 Kg5 51. Kd3 Ne3 52. Bd2 1-0

[Event "Kavala op 24th"]
[Site "Kavala"]
[Date "2015.08.10"]
[Round "8"]
[White "Theodorou, Nikolas"]
[Black "Vragoteris, Antonios"]
[Result "1/2-1/2"]
[WhiteElo "2424"]
[BlackElo "2190"]
[PlyCount "34"]
[EventDate "2015.08.04"]
[EventType "swiss"]
[EventRounds "9"]
[EventCountry "GRE"]
[SourceTitle "CBM 167 Extra"]
[Source "ChessBase"]
[SourceDate "2015.09.14"]
[SourceVersion "1"]
[SourceVersionDate "2015.09.14"]
[SourceQuality "1"]

1. Nf3 Nf6 2. c4 e6 3. Nc3 c5 4. g3 d5 5. cxd5 exd5 6. d4 Nc6 7. Bg2 Be7 8. 0-0 0-0 9. dxc5 Bxc5 10. a3 Be6 11. b4 Be7 12. Bb2 Qd7 13. Nd4 Bh3 14. Nxc6 bxc6 15. e4 Bxg2 16. Kxg2 d4 17. Ne2 c5 1/2-1/2

[Event "Skopje Karposh op"]
[Site "Skopje"]
[Date "2015.04.02"]
[Round "8"]
[White "Drenchev, Petar"]
[Black "Vragoteris, Antonios"]
[Result "1-0"]
[WhiteElo "2486"]
[BlackElo "2238"]
[PlyCount "55"]
[EventDate "2015.03.27"]
[EventType "swiss"]
[EventRounds "9"]
[EventCountry "MKD"]
[SourceTitle "CBM 165 Extra"]
[Source "ChessBase"]
[SourceDate "2015.04.21"]
[SourceVersion "1"]
[SourceVersionDate "2015.04.21"]
[SourceQuality "1"]

1. e4 c5 2. Nf3 Nc6 3. d4 cxd4 4. Nxd4 Nf6 5. Nc3 d6 6. Bg5 e6 7. Qd2 a6 8. 0-0-0 h6 9. Bf4 Bd7 10. Nxc6 Bxc6 11. Qe1 Qa5 12. Bc4 0-0-0 13. Bb3 g5 14. Be3 Kb8 15. f3 Be7 16. h4 gxh4 17. Rxh4 h5 18. Rh2 Rhg8 19. Qf2 Rc8 20. Kb1 Rg6 21. a3 Rg7 22. Ba2 Rcg8 23. Bf4 Rd8 24. Rh3 Ka8 25. Rg3 Rxg3 26. Qxg3 h4 27. Qxh4 Qc5 28. Bg5 1-0

[Event "Skopje Karposh op"]
[Site "Skopje"]
[Date "2015.03.31"]
[Round "6"]
[White "Dourerassou, Jonathan"]
[Black "Vragoteris, Antonios"]
[Result "1-0"]
[WhiteElo "2438"]
[BlackElo "2238"]
[PlyCount "59"]
[EventDate "2015.03.27"]
[EventType "swiss"]
[EventRounds "9"]
[EventCountry "MKD"]
[SourceTitle "CBM 165 Extra"]
[Source "ChessBase"]
[SourceDate "2015.04.21"]
[SourceVersion "1"]
[SourceVersionDate "2015.04.21"]
[SourceQuality "1"]

1. e4 c5 2. Nf3 Nc6 3. d4 cxd4 4. Nxd4 Nf6 5. Nc3 d6 6. Bc4 e6 7. Bb3 a6 8. Be3 Qc7 9. f4 Na5 10. Qf3 Be7 11. g4 Nc4 12. g5 Nd7 13. 0-0-0 Nxe3 14. Qxe3 Nc5 15. f5 Nxb3+ 16. axb3 Qa5 17. Kb1 Bd7 18. b4 Qxb4 19. e5 d5 20. f6 Bc5 21. fxg7 Rg8 22. Rhf1 Rxg7 23. Rf4 Bxd4 24. Rfxd4 Qe7 25. Rxd5 Bc6 26. Rd6 Rxg5 27. Qc5 Rc8 28. Ne4 Rf5 29. Rg1 Kf8 30. Rxc6 1-0

[Event "Skopje Karposh op"]
[Site "Skopje"]
[Date "2015.03.30"]
[Round "5"]
[White "Vragoteris, Antonios"]
[Black "Jacimovic, Dragoljub"]
[Result "1/2-1/2"]
[WhiteElo "2238"]
[BlackElo "2411"]
[PlyCount "42"]
[EventDate "2015.03.27"]
[EventType "swiss"]
[EventRounds "9"]
[EventCountry "MKD"]
[SourceTitle "CBM 165 Extra"]
[Source "ChessBase"]
[SourceDate "2015.04.21"]
[SourceVersion "1"]
[SourceVersionDate "2015.04.21"]
[SourceQuality "1"]

1. e4 e6 2. d4 d5 3. e5 c5 4. c3 Nc6 5. Nf3 Bd7 6. Be2 Nge7 7. Na3 cxd4 8. cxd4 Nf5 9. Nc2 Qa5+ 10. Bd2 Qb6 11. Bc3 Nb4 12. Ne3 Nxe3 13. fxe3 Bb5 14. 0-0 Bxe2 15. Qxe2 Be7 16. Bxb4 Qxb4 17. Rac1 0-0 18. Rc7 Bd8 19. a3 Qb3 20. Rc3 Qa4 21. Rfc1 Qd7 1/2-1/2

[Event "Isthmia op 3rd"]
[Site "Vrachati"]
[Date "2013.08.22"]
[Round "6"]
[White "Debashis, Das"]
[Black "Vragoteris, Antonios"]
[Result "1-0"]
[WhiteElo "2495"]
[BlackElo "2261"]
[PlyCount "45"]
[EventDate "2013.08.18"]
[EventType "swiss"]
[EventRounds "9"]
[EventCountry "GRE"]
[SourceTitle "CBM 156 Extra"]
[Source "ChessBase"]
[SourceDate "2013.10.22"]
[SourceVersion "1"]
[SourceVersionDate "2013.10.22"]
[SourceQuality "1"]

1. d4 Nf6 2. Nf3 e6 3. c4 c5 4. d5 b5 5. dxe6 fxe6 6. cxb5 d5 7. Bg5 Be7 8. e3 a6 9. Nc3 0-0 10. bxa6 Qb6 11. Rb1 Nc6 12. Be2 d4 13. exd4 cxd4 14. Na4 Qa5+ 15. Bd2 Qf5 16. Rc1 Rxa6 17. Qb3 Nd7 18. 0-0 Ndb8 19. Bxa6 Bxa6 20. Rfe1 Rf6 21. Bg5 Rg6 22. Bxe7 Bb5 23. Nh4 1-0

[Event "Isthmia op 3rd"]
[Site "Vrachati"]
[Date "2013.08.19"]
[Round "2"]
[White "Vragoteris, Antonios"]
[Black "Tsaknakis, Zisis"]
[Result "1-0"]
[WhiteElo "2261"]
[BlackElo "1793"]
[PlyCount "67"]
[EventDate "2013.08.18"]
[EventType "swiss"]
[EventRounds "9"]
[EventCountry "GRE"]
[SourceTitle "CBM 156 Extra"]
[Source "ChessBase"]
[SourceDate "2013.10.22"]
[SourceVersion "1"]
[SourceVersionDate "2013.10.22"]
[SourceQuality "1"]

1. Nf3 Nf6 2. g3 g6 3. Bg2 Bg7 4. 0-0 0-0 5. d4 d6 6. a4 c5 7. Nc3 Nc6 8. dxc5 dxc5 9. a5 Bf5 10. Be3 Qxd1 11. Rfxd1 Ne4 12. Nxe4 Bxe4 13. c3 b6 14. axb6 axb6 15. Nd2 Bxg2 16. Kxg2 Rxa1 17. Rxa1 Na5 18. Bxc5 Rd8 19. Be3 h6 20. Ra4 Rd5 21. c4 Rd7 22. c5 Bxb2 23. cxb6 Nb7 24. Ra7 Bc1 25. Nb3 Bxe3 26. fxe3 Kg7 27. Na5 Nc5 28. Rc7 Rd5 29. e4 Rh5 30. g4 Rg5 31. h4 Rxg4+ 32. Kf3 Rxe4 33. Rxc5 Rxh4 34. Rb5 1-0

[Event "GRE-chT 39th"]
[Site "Eretria"]
[Date "2011.07.06"]
[Round "5.4"]
[White "Moutousis, Konstantinos"]
[Black "Vragoteris, Antonios"]
[Result "1-0"]
[WhiteElo "2431"]
[BlackElo "2256"]
[PlyCount "69"]
[EventDate "2011.07.03"]
[EventType "team-swiss"]
[EventRounds "7"]
[EventCountry "GRE"]
[SourceTitle "CBM 143 Extra"]
[Source "ChessBase"]
[SourceDate "2011.08.29"]
[SourceVersion "1"]
[SourceVersionDate "2011.08.29"]
[SourceQuality "1"]
[WhiteTeam "AEK"]
[BlackTeam "Thessaloniki Galaxias"]
[WhiteTeamCountry "GRE"]
[BlackTeamCountry "GRE"]

1. e4 c5 2. Nf3 Nc6 3. Bb5 d6 4. 0-0 Bd7 5. Re1 Nf6 6. c3 a6 7. Bf1 Bg4 8. h3 Bxf3 9. Qxf3 g6 10. Qd1 Bh6 11. Na3 0-0 12. Nc2 Rc8 13. g3 e5 14. Bg2 d5 15. exd5 Nxd5 16. d4 Bxc1 17. Rxc1 exd4 18. cxd4 c4 19. a3 b5 20. Qf3 Nb6 21. d5 Ne7 22. Rcd1 Qd6 23. Nb4 Nf5 24. h4 Na4 25. Rd2 a5 26. Na2 b4 27. axb4 axb4 28. Bh3 c3 29. bxc3 bxc3 30. Rd3 Qa3 31. Bxf5 gxf5 32. Qxf5 Qxa2 33. Rd4 Rc4 34. Qg4+ Kh8 35. Rxc4 1-0

[Event "GRE-chT 39th"]
[Site "Eretria"]
[Date "2011.07.04"]
[Round "2.9"]
[White "Andronis, Vasilios"]
[Black "Vragoteris, Antonios"]
[Result "0-1"]
[WhiteElo "2026"]
[BlackElo "2256"]
[PlyCount "62"]
[EventDate "2011.07.03"]
[EventType "team-swiss"]
[EventRounds "7"]
[EventCountry "GRE"]
[SourceTitle "CBM 143 Extra"]
[Source "ChessBase"]
[SourceDate "2011.08.29"]
[SourceVersion "1"]
[SourceVersionDate "2011.08.29"]
[SourceQuality "1"]
[WhiteTeam "Koropiou"]
[BlackTeam "Thessaloniki Galaxias"]
[WhiteTeamCountry "GRE"]
[BlackTeamCountry "GRE"]

1. c4 c5 2. Nc3 Nf6 3. Nf3 b6 4. g3 Bb7 5. Bg2 e6 6. 0-0 d6 7. d4 cxd4 8. Nxd4 Bxg2 9. Kxg2 a6 10. b3 Qc7 11. Bb2 Be7 12. Qd3 Nbd7 13. Rad1 Ne5 14. Qd2 h5 15. f4 Qb7+ 16. Kg1 h4 17. fxe5 dxe5 18. Nf3 Ng4 19. e4 hxg3 20. hxg3 Bc5+ 21. Kg2 Ne3+ 22. Qxe3 Bxe3 23. Nxe5 f6 24. Ng6 Rh6 25. Nf4 Bxf4 26. Rxf4 b5 27. c5 b4 28. Na4 e5 29. Rg4 f5 30. c6 Qxc6 31. Rc1 fxg4 0-1

[Event "Athens Acropolis op-A 24th"]
[Site "Chalkida"]
[Date "2009.08.13"]
[Round "4"]
[White "Petraki, Maria"]
[Black "Vragoteris, Antonios"]
[Result "1-0"]
[WhiteElo "2030"]
[BlackElo "2266"]
[PlyCount "53"]
[EventDate "2009.08.10"]
[EventType "swiss"]
[EventRounds "9"]
[EventCountry "GRE"]
[SourceTitle "CBM 131 Extra"]
[Source "ChessBase"]
[SourceDate "2009.09.03"]
[SourceVersion "2"]
[SourceVersionDate "2009.09.16"]
[SourceQuality "1"]

1. e4 c5 2. Nc3 e6 3. f4 Nc6 4. Nf3 d5 5. Bb5 Nge7 6. exd5 exd5 7. Qe2 f6 8. d4 cxd4 9. Nxd4 Kf7 10. Nf3 a6 11. Bd3 Nb4 12. Be3 Nxd3+ 13. Qxd3 Bf5 14. Qd2 Rc8 15. 0-0 g6 16. Nd4 Be4 17. Rad1 Nf5 18. Nxf5 Bxf5 19. Qf2 Qa5 20. Bb6 Qb4 21. Nxd5 Qxb2 22. Bd4 Qxc2 23. Rd2 Qc4 24. Nb6 Qc6 25. Nxc8 Qxc8 26. Qf3 Bb4 27. Qb3+ 1-0

[Event "GRE-chT 37th"]
[Site "Kallithea"]
[Date "2009.07.07"]
[Round "7"]
[White "Kouvatsos, Filippos"]
[Black "Vragoteris, Antonios"]
[Result "1-0"]
[WhiteElo "2093"]
[BlackElo "2266"]
[PlyCount "59"]
[EventDate "2009.07.03"]
[EventType "team-tourn"]
[EventRounds "9"]
[EventCountry "GRE"]
[SourceTitle "CBM 131 Extra"]
[Source "ChessBase"]
[SourceDate "2009.09.03"]
[SourceVersion "2"]
[SourceVersionDate "2009.09.16"]
[SourceQuality "1"]

1. d4 f5 2. g3 Nf6 3. Bg2 g6 4. Nf3 Bg7 5. b3 0-0 6. Bb2 d6 7. Nbd2 Nc6 8. Nc4 Ne4 9. 0-0 e6 10. a4 Qe8 11. e3 e5 12. dxe5 Be6 13. Qe2 d5 14. Ncd2 Kh8 15. Rac1 Rd8 16. Rfd1 Bg8 17. c4 Rd7 18. Ba3 Rff7 19. e6 Qxe6 20. Nxe4 fxe4 21. Ng5 Qe5 22. Nxf7+ Bxf7 23. cxd5 Rxd5 24. Rxd5 Bxd5 25. Qb5 Nd8 26. Rd1 c6 27. Qa5 Bf6 28. Qc5 Ne6 29. Qxa7 Bxb3 30. Qa8+ 1-0

[Event "GRE-chT 37th"]
[Site "Kallithea"]
[Date "2009.07.04"]
[Round "1"]
[White "Vragoteris, Antonios"]
[Black "Siempos, Konstantinos"]
[Result "1-0"]
[WhiteElo "2266"]
[BlackElo "1944"]
[PlyCount "33"]
[EventDate "2009.07.03"]
[EventType "team-tourn"]
[EventRounds "9"]
[EventCountry "GRE"]
[SourceTitle "CBM 131 Extra"]
[Source "ChessBase"]
[SourceDate "2009.09.03"]
[SourceVersion "2"]
[SourceVersionDate "2009.09.16"]
[SourceQuality "1"]

1. d4 Nf6 2. Nf3 e6 3. Bg5 d5 4. e3 Be7 5. Bd3 0-0 6. Nbd2 b6 7. Qe2 c5 8. c3 Bb7 9. Bxf6 Bxf6 10. h4 Nd7 11. Ng5 Bxg5 12. Bxh7+ Kh8 13. hxg5 Qxg5 14. Nf3 Qe7 15. Ne5 Nf6 16. Qf3 g5 17. Qh3 1-0

[Event "Thessaloniki Triandria op 2nd"]
[Site "Thessaloniki"]
[Date "2009.05.02"]
[Round "7"]
[White "Perdek, Miroslaw"]
[Black "Vragoteris, Antonios"]
[Result "1-0"]
[WhiteElo "2232"]
[BlackElo "2264"]
[PlyCount "53"]
[EventDate "2009.04.27"]
[EventType "swiss"]
[EventRounds "9"]
[EventCountry "GRE"]
[SourceTitle "CBM 130 Extra"]
[Source "ChessBase"]
[SourceDate "2009.07.02"]
[SourceVersion "2"]
[SourceVersionDate "2009.07.15"]
[SourceQuality "1"]

1. e4 c5 2. Nf3 Nc6 3. Nc3 e6 4. d4 cxd4 5. Nxd4 d6 6. Be3 Nf6 7. Be2 Qc7 8. 0-0 a6 9. f4 Be7 10. a4 0-0 11. Kh1 Rb8 12. Qe1 Nd7 13. Bd3 Bf6 14. Nf3 Re8 15. Qg3 Qa5 16. Bd2 Qh5 17. Rae1 b5 18. axb5 axb5 19. e5 dxe5 20. Ne4 exf4 21. Bxf4 Ra8 22. Nd6 Rd8 23. Bxb5 Qc5 24. Be3 Qxc2 25. Rc1 Qxb2 26. Bxc6 Ra3 27. Nc4 1-0

[Event "Thessaloniki Triandria op 2nd"]
[Site "Thessaloniki"]
[Date "2009.04.30"]
[Round "5"]
[White "Poley, Vladimir"]
[Black "Vragoteris, Antonios"]
[Result "1-0"]
[WhiteElo "2338"]
[BlackElo "2264"]
[PlyCount "159"]
[EventDate "2009.04.27"]
[EventType "swiss"]
[EventRounds "9"]
[EventCountry "GRE"]
[SourceTitle "CBM 130 Extra"]
[Source "ChessBase"]
[SourceDate "2009.07.02"]
[SourceVersion "2"]
[SourceVersionDate "2009.07.15"]
[SourceQuality "1"]

1. d4 f5 2. Nf3 Nf6 3. g3 g6 4. Bg2 Bg7 5. 0-0 0-0 6. c4 d6 7. Nc3 Qe8 8. Nd5 Nxd5 9. cxd5 Qb5 10. Qc2 Na6 11. Rd1 Nb4 12. Qb3 a5 13. Bd2 Bd7 14. Ng5 h6 15. Ne6 Bxe6 16. dxe6 Qxe2 17. Bxb4 axb4 18. Rd3 c5 19. Bf3 c4 20. Bxe2 cxb3 21. Rxb3 Bxd4 22. Rxb4 Bf6 23. a4 Rfc8 24. Bf3 Ra7 25. Rd1 Kg7 26. Rd5 Rc5 27. b3 Rc7 28. Be2 Bc3 29. Rbb5 Kf6 30. g4 fxg4 31. Bxg4 h5 32. Bh3 Be5 33. Rd3 Rc3 34. Rxc3 Bxc3 35. Bg2 Kxe6 36. Bxb7 Kf6 37. Be4 e6 38. Rb6 Bd4 39. Rc6 Ke5 40. Bd3 g5 41. Kg2 Bc5 42. f3 Kf4 43. Bc4 Rf7 44. Bxe6 Re7 45. b4 Bxb4 46. Rc4+ Ke3 47. Re4+ Kd2 48. Rxb4 Rxe6 49. Rb5 Re2+ 50. Kg3 h4+ 51. Kh3 Ke3 52. Rxg5 Kxf3 53. Rd5 Ra2 54. a5 Ke4 55. Rxd6 Rxa5 56. Kxh4 Kf5 57. Kh5 Kf4+ 58. Kh4 Kf5 59. Rh6 Ra4+ 60. Kh5 Ra2 61. h4 Rh2 62. Rh8 Kf6 63. Rg8 Rh1 64. Rg4 Kf5 65. Ra4 Kf6 66. Kh6 Kf7 67. Rg4 Rh2 68. h5 Rh1 69. Rg5 Ra1 70. Kh7 Rh1 71. h6 Kf6 72. Rg6+ Kf7 73. Ra6 Rh2 74. Kh8 Rh1 75. Kh7 Rh2 76. Ra1 Rh3 77. Rf1+ Ke8 78. Rf6 Rh1 79. Kg7 Ke7 80. Rg6 1-0

[Event "Thessaloniki Triandria op 2nd"]
[Site "Thessaloniki"]
[Date "2009.04.29"]
[Round "4"]
[White "Vragoteris, Antonios"]
[Black "Ivanov, Borislav"]
[Result "1-0"]
[WhiteElo "2264"]
[BlackElo "2002"]
[PlyCount "59"]
[EventDate "2009.04.27"]
[EventType "swiss"]
[EventRounds "9"]
[EventCountry "GRE"]
[SourceTitle "CBM 130 Extra"]
[Source "ChessBase"]
[SourceDate "2009.07.02"]
[SourceVersion "2"]
[SourceVersionDate "2009.07.15"]
[SourceQuality "1"]

1. d4 d5 2. c4 c6 3. Nf3 Nf6 4. Nbd2 Bf5 5. Nh4 Bc8 6. g3 dxc4 7. Nhf3 b5 8. Bg2 e6 9. 0-0 Bb7 10. Qc2 Nbd7 11. b3 cxb3 12. Nxb3 Rc8 13. a4 b4 14. Nc5 Nxc5 15. dxc5 Qd5 16. Be3 Ng4 17. Bd4 e5 18. e4 b3 19. Qc1 Qe6 20. Bb2 Ba6 21. h3 Bxf1 22. Bxf1 Nf6 23. Bc4 Qxh3 24. Bxf7+ Ke7 25. Bxe5 Nxe4 26. Qf4 Qh6 27. Qf5 b2 28. Bxb2 Rb8 29. Re1 Rb4 30. Bc1 1-0

[Event "EU-Cup 24th"]
[Site "Kallithea"]
[Date "2008.10.20"]
[Round "4"]
[White "Vragoteris, Antonios"]
[Black "Gonzalez de la Torre, Santiago"]
[Result "0-1"]
[WhiteElo "2267"]
[BlackElo "2382"]
[PlyCount "66"]
[EventDate "2008.10.17"]
[EventType "team-swiss"]
[EventRounds "7"]
[EventCountry "GRE"]
[SourceTitle "CBM 127"]
[Source "ChessBase"]
[SourceDate "2008.11.13"]
[SourceVersion "1"]
[SourceVersionDate "2008.11.13"]
[SourceQuality "1"]
[WhiteTeam "Thessaloniki Galaxias"]
[BlackTeam "Iretza Gros"]
[WhiteTeamCountry "GRE"]
[BlackTeamCountry "ESP"]

1. d4 d5 2. c4 c6 3. Nf3 Nf6 4. Nbd2 Bf5 5. Nh4 Be6 6. e3 g6 7. Qc2 Bg7 8. Be2 0-0 9. 0-0 dxc4 10. Nxc4 c5 11. dxc5 Qc7 12. Na3 Rc8 13. b4 Nc6 14. Bd2 a5 15. Nb5 Qb8 16. bxa5 Nxa5 17. Nd4 Bd5 18. Rab1 Be4 19. Bd3 Bxd3 20. Qxd3 Rxc5 21. Nhf3 e5 22. Qa3 Rd5 23. Nb5 e4 24. Nfd4 Nc4 25. Qc1 Ng4 26. g3 Nge5 27. Bb4 Qc8 28. Nc3 Rd8 29. Kg2 Nd3 30. Qc2 Bxd4 31. exd4 Qg4 32. Qd1 Nf4+ 33. Kg1 Ne2+ 0-1